[Event "Piestany Slovakia op-A"]
[Site "Piestany SVK"]
[Date "2025.07.10"]
[Round "3"]
[White "Skreko, Igor1"]
[Black "Golubka, Petro"]
[Result "1-0"]
[WhiteElo "2199"]
[BlackElo "2316"]
[WhiteFideId "-1"]
[BlackFideId "-1"]
[PlyCount "139"]
[GameId "2199643484212676"]
[EventDate "2025.07.08"]
[EventType "swiss"]
[EventRounds "9"]
[EventCountry "SVK"]
[SourceTitle "Mega2025 Update 37"]
[Source "Chessbase"]
[SourceDate "2025.07.17"]
[SourceVersion "1"]
[SourceVersionDate "2025.07.17"]
[SourceQuality "1"]

1. d4 d5 2. c4 c6 3. Nf3 Nf6 4. e3 Bf5 5. Nc3 e6 6. Nh4 Bg6 7. Nxg6 hxg6 8. Bd2 Nbd7 9. Qb3 Rb8 10. g3 Be7 11. Rc1 O-O 12. Bg2 Nb6 13. cxd5 exd5 14. O-O Re8 15. Rfd1 Nc4 16. Qc2 Bb4 17. Nb1 Nxd2 18. Nxd2 a5 19. a3 Bd6 20. Qd3 Qb6 21. Rc2 Ra8 22. Bf3 Qa6 23. Qxa6 Rxa6 24. Nb3 Nd7 25. Nc5 Bxc5 26. dxc5 f5 27. b3 Kf7 28. Kg2 Kf6 29. h4 Raa8 30. Rc3 g5 31. hxg5+ Kxg5 32. Rd4 Rh8 33. e4 fxe4 34. Bxe4 Nf6 35. Bf3 Rae8 36. Rc1 Re7 37. Ra4 Ra8 38. b4 Ree8 39. bxa5 Ra7 40. Rb1 Nd7 41. Rg4+ Kf6 42. Rf4+ Ke7 43. Bh5 Rh8 44. Rf7+ Kd8 45. a6 Nxc5 46. axb7 Rxb7 47. Rbxb7 Nxb7 48. Bf3 Nc5 49. Rxg7 Rf8 50. Ra7 Rf6 51. g4 Ne6 52. Kg3 Ng5 53. Bg2 Ne4+ 54. Bxe4 dxe4 55. Ra4 Rf3+ 56. Kh4 Rxf2 57. Rxe4 Rh2+ 58. Kg5 Kd7 59. Kf5 Kd6 60. g5 Kd5 61. Rg4 Rf2+ 62. Rf4 Ra2 63. a4 c5 64. g6 Rg2 65. Rg4 Rf2+ 66. Kg5 Ke6 67. g7 Kf7 68. Rf4+ Rxf4 69. Kxf4 Kxg7 70. a5 1-0

[Event "Piestany Slovakia op-A"]
[Site "Piestany SVK"]
[Date "2025.07.11"]
[Round "4"]
[White "Golubka, Petro"]
[Black "Liskiewicz, Jakub"]
[Result "1/2-1/2"]
[WhiteElo "2316"]
[BlackElo "2217"]
[WhiteFideId "-1"]
[BlackFideId "-1"]
[PlyCount "104"]
[GameId "2199643484224998"]
[EventDate "2025.07.08"]
[EventType "swiss"]
[EventRounds "9"]
[EventCountry "SVK"]
[SourceTitle "Mega2025 Update 37"]
[Source "Chessbase"]
[SourceDate "2025.07.17"]
[SourceVersion "1"]
[SourceVersionDate "2025.07.17"]
[SourceQuality "1"]

1. d4 Nf6 2. c4 e6 3. Nc3 Bb4 4. f3 d5 5. a3 Be7 6. e4 dxe4 7. fxe4 O-O {7...c5 gains popularity. 7...c5 wird beliebter.} 8. Be2 c5 9. d5 exd5 10. exd5 Bf5 11. Nf3 Bg6 12. O-O a6 13. Bf4 Bd6 14. Qd2 Re8 15. Bxd6 Qxd6 16. Bd3 Nbd7 17. Rae1 Rab8 18. Bxg6 hxg6 19. Rxe8+ Rxe8 20. Re1 Kf8 $146 (20... Rxe1+ 21. Qxe1 Qb6 22. Qe2 Kf8 23. Ng5 Qd6 24. g3 Qe5 25. Qxe5 Nxe5 26. b3 Ke7 {0-1 Villegas,P (2367)-Bok,B (2624) Titled Tuesday intern op 15st Dec Chess.com INT blitz 2020 (2)}) 21. Rxe8+ Kxe8 22. Qe3+ Kf8 23. h3 Qb6 24. Na4 Qd6 25. b3 b6 26. Nc3 Qg3 27. Kf1 Qd6 28. Kf2 Qb8 29. a4 Qd6 30. g4 Qb8 31. Kg2 Qd6 32. Kf2 Qb8 33. Ne4 Nxe4+ 34. Qxe4 Qd6 35. g5 Qb8 36. h4 Qd6 37. Ke3 Qg3 38. Qf4 Qxf4+ 39. Kxf4 Ke7 40. Kg4 Kd6 41. h5 gxh5+ 42. Kxh5 Ne5 43. Nh4 Kd7 44. g6 fxg6+ 45. Kg5 Kd6 46. Ng2 Nd3 47. Kxg6 Nc1 48. Kxg7 Nxb3 49. Kf6 Nd2 50. Ne3 Ne4+ 51. Kf7 Kd7 52. Kf8 Nd6 1/2-1/2

[Event "Piestany Slovakia op-A"]
[Site "Piestany SVK"]
[Date "2025.07.12"]
[Round "5"]
[White "Neuhoff, Laertes"]
[Black "Golubka, Petro"]
[Result "1/2-1/2"]
[WhiteElo "2156"]
[BlackElo "2316"]
[WhiteFideId "-1"]
[BlackFideId "-1"]
[PlyCount "63"]
[GameId "2199643484237317"]
[EventDate "2025.07.08"]
[EventType "swiss"]
[EventRounds "9"]
[EventCountry "SVK"]
[SourceTitle "Mega2025 Update 37"]
[Source "Chessbase"]
[SourceDate "2025.07.17"]
[SourceVersion "1"]
[SourceVersionDate "2025.07.17"]
[SourceQuality "1"]

1. Nf3 Nf6 2. c4 c5 3. g3 Nc6 4. Bg2 g6 5. b3 Bg7 6. Bb2 O-O 7. O-O d6 8. Nc3 Ne4 9. Qc2 Nxc3 10. Bxc3 e5 11. e3 Bf5 12. Qb2 Re8 13. d4 exd4 14. exd4 Qf6 15. Rad1 Be4 16. d5 Qxc3 17. Qxc3 Bxc3 18. dxc6 Bxc6 19. Rxd6 Re2 20. Rd3 Bf6 21. Nd2 Rd8 22. Rxd8+ Bxd8 23. Bxc6 Rxd2 24. Bxb7 Rxa2 25. Re1 Bf6 26. Kf1 Rb2 27. Re3 Bd4 28. Rf3 f5 29. h3 h5 30. Bc8 Kg7 31. g4 fxg4 32. hxg4 1/2-1/2

[Event "Piestany Slovakia op-A"]
[Site "Piestany SVK"]
[Date "2025.07.13"]
[Round "6"]
[White "Golubka, Petro"]
[Black "Ugorek, Kacper"]
[Result "1-0"]
[WhiteElo "2316"]
[BlackElo "2177"]
[WhiteFideId "-1"]
[BlackFideId "-1"]
[PlyCount "103"]
[GameId "2199643484245536"]
[EventDate "2025.07.08"]
[EventType "swiss"]
[EventRounds "9"]
[EventCountry "SVK"]
[SourceTitle "Mega2025 Update 37"]
[Source "Chessbase"]
[SourceDate "2025.07.17"]
[SourceVersion "1"]
[SourceVersionDate "2025.07.17"]
[SourceQuality "1"]

1. d4 d5 2. Nf3 Nf6 3. c4 dxc4 4. e3 a6 5. a4 b6 6. Bxc4 e6 7. O-O Bb7 8. Nc3 c5 9. Qe2 Nc6 10. Rd1 Qc7 11. d5 exd5 12. Nxd5 Nxd5 13. Bxd5 Be7 14. Bd2 Bf6 15. Bc3 Bxc3 16. bxc3 O-O 17. Ng5 Ne5 18. Bxb7 Qxb7 19. Nxh7 Rfd8 20. Ng5 f6 21. Ne6 Rxd1+ 22. Rxd1 Re8 23. Nf4 b5 24. axb5 axb5 25. Nd5 Rb8 26. f4 Nc4 27. e4 Re8 28. f5 Ne5 29. Rb1 Rb8 30. g4 c4 31. h4 Nd3 32. g5 Re8 33. Qg2 fxg5 34. hxg5 Qa7+ 35. Kh2 Qb8+ 36. Qg3 Qa7 37. Rxb5 Qf2+ 38. Qxf2 Nxf2 39. Kg3 Nxe4+ 40. Kf4 Nf2 41. g6 Rf8 42. Ne7+ Kh8 43. Rb1 Re8 44. Kf3 Nh3 45. Kg3 Ng1 46. Kg2 Ra8 47. Nd5 Ne2 48. Kf2 Re8 49. Rh1+ Kg8 50. f6 Nxc3 51. f7+ Kf8 52. Rh8# 1-0

[Event "Piestany Slovakia op-A"]
[Site "Piestany SVK"]
[Date "2025.07.14"]
[Round "7"]
[White "Wu, Derek"]
[Black "Golubka, Petro"]
[Result "1/2-1/2"]
[WhiteElo "2232"]
[BlackElo "2316"]
[WhiteFideId "-1"]
[BlackFideId "-1"]
[PlyCount "80"]
[GameId "536972820371"]
[EventDate "2025.07.08"]
[EventType "swiss"]
[EventRounds "9"]
[EventCountry "SVK"]
[SourceTitle "Mega2025 Update 37"]
[Source "Chessbase"]
[SourceDate "2025.07.17"]
[SourceVersion "1"]
[SourceVersionDate "2025.07.17"]
[SourceQuality "1"]

1. d4 Nf6 2. c4 e6 3. Nf3 a6 4. Nc3 d5 5. c5 b6 6. cxb6 cxb6 7. Bf4 Bd6 8. Bxd6 Qxd6 9. e3 Nbd7 10. Bd3 Bb7 11. O-O O-O 12. Rc1 Rfc8 13. Qe2 b5 14. Rc2 g6 15. Rfc1 Kg7 16. a4 bxa4 17. Nxa4 Rcb8 18. Nc5 Bc8 19. Nxd7 Bxd7 20. Ne5 Ra7 21. Nxd7 Nxd7 22. Rc6 Qb4 23. Bxa6 Qxb2 24. R6c2 Qa3 25. Bb5 Nf6 26. h3 Rab7 27. Rc3 Qa5 28. Bd3 Rb2 29. Qd1 Qd8 30. R3c2 Rxc2 31. Qxc2 Qb6 32. Rb1 Qxb1+ 33. Qxb1 Rxb1+ 34. Bxb1 Kf8 35. f4 h6 36. Kf2 Ke7 37. Kf3 Kd6 38. Bc2 Ke7 39. Bb1 Kd6 40. Bc2 Ke7 1/2-1/2

[Event "Piestany Slovakia op-A"]
[Site "Piestany SVK"]
[Date "2025.07.15"]
[Round "8"]
[White "Golubka, Petro"]
[Black "Shubhi, Gupta"]
[Result "1-0"]
[WhiteElo "2316"]
[BlackElo "2114"]
[WhiteFideId "-1"]
[BlackFideId "-1"]
[PlyCount "93"]
[GameId "537061175206"]
[EventDate "2025.07.08"]
[EventType "swiss"]
[EventRounds "9"]
[EventCountry "SVK"]
[SourceTitle "Mega2025 Update 37"]
[Source "Chessbase"]
[SourceDate "2025.07.17"]
[SourceVersion "1"]
[SourceVersionDate "2025.07.17"]
[SourceQuality "1"]

1. d4 Nf6 2. c4 e6 3. Nc3 Bb4 4. f3 c5 5. d5 b5 6. e4 d6 7. Bd2 a6 8. Nge2 bxc4 9. Nf4 e5 10. Nfe2 Nbd7 11. Ng3 Nb6 12. Be2 Ng8 13. a3 Ba5 14. Nb1 Bxd2+ 15. Nxd2 Ne7 16. Nxc4 Nxc4 17. Bxc4 h5 18. O-O h4 19. Ne2 g5 20. Qd2 Ng6 21. b4 cxb4 22. axb4 O-O 23. Qe3 Nf4 24. g3 Nxe2+ 25. Bxe2 hxg3 26. hxg3 Kg7 27. Kg2 Rb8 28. Rh1 Rh8 29. Rxh8 Kxh8 30. Rh1+ Kg7 31. Rh5 f6 32. f4 Qb6 33. Qc3 Kg6 34. fxg5 fxg5 35. Qc1 Qd8 36. Qh1 Qf8 37. Rh7 g4 38. Qh5+ Kf6 39. Bxg4 Rxb4 40. Bxc8 Rb2+ 41. Kf3 Rb3+ 42. Ke2 Rb2+ 43. Kd3 Rb3+ 44. Kc2 Qxc8+ 45. Kxb3 Qb8+ 46. Kc2 Qc8+ 47. Kd2 1-0

[Event "Piestany Slovakia op-A"]
[Site "Piestany SVK"]
[Date "2025.07.16"]
[Round "9"]
[White "Priansh, Das"]
[Black "Golubka, Petro"]
[Result "0-1"]
[WhiteElo "2305"]
[BlackElo "2316"]
[WhiteFideId "-1"]
[BlackFideId "-1"]
[PlyCount "108"]
[GameId "537149139882"]
[EventDate "2025.07.08"]
[EventType "swiss"]
[EventRounds "9"]
[EventCountry "SVK"]
[SourceTitle "Mega2025 Update 37"]
[Source "Chessbase"]
[SourceDate "2025.07.17"]
[SourceVersion "1"]
[SourceVersionDate "2025.07.17"]
[SourceQuality "1"]

1. e4 e5 2. Nf3 Nf6 3. Nxe5 d6 4. Nf3 Nxe4 5. d4 d5 6. Bd3 Nc6 7. O-O Be7 8. c4 Nb4 9. Be2 Be6 10. Nc3 O-O 11. a3 Nxc3 12. bxc3 Nc6 13. cxd5 Bxd5 14. Be3 Rb8 15. a4 Na5 16. Nd2 b6 17. c4 Be6 18. Qc2 Bf6 19. Rad1 Bxd4 20. Bxd4 Qxd4 21. Ne4 Qe5 22. f4 Qf5 23. g4 Qg6 24. f5 Bxf5 25. Rxf5 Rbd8 26. Ng3 Nc6 27. Qe4 Rde8 28. Qf4 Nd8 29. Rg5 Ne6 30. Rxg6 Nxf4 31. Rc6 Nxe2+ 32. Nxe2 Rxe2 33. Rxc7 a5 34. Rd6 Rb2 35. Rb7 Rb4 36. Rc6 g6 37. Rbxb6 Rxb6 38. Rxb6 Rc8 39. Rb5 Rxc4 40. Rxa5 Rxg4+ 41. Kf2 Kg7 42. Ra7 h5 43. a5 Ra4 44. a6 Kf6 45. Ra8 h4 46. a7 g5 47. h3 Ra3 48. Kg2 Kf5 49. Kf2 Kf4 50. Ke2 Ra2+ 51. Ke1 f6 52. Rf8 Rxa7 53. Rxf6+ Kg3 54. Rf5 Rg7 0-1

[Event "Kuressaare Saaremaa Rapid op"]
[Site "Kuressaare EST"]
[Date "2025.05.31"]
[Round "4"]
[White "Golubka, Petro"]
[Black "Miezis, Normunds"]
[Result "1/2-1/2"]
[WhiteElo "2316"]
[BlackElo "2384"]
[WhiteFideId "-1"]
[BlackFideId "-1"]
[PlyCount "133"]
[GameId "2189496467107905"]
[EventDate "2025.05.31"]
[EventType "swiss (rapid)"]
[EventRounds "11"]
[EventCountry "EST"]
[SourceTitle "Mega2025 Update 36"]
[Source "Chessbase"]
[SourceDate "2025.07.11"]
[SourceVersion "1"]
[SourceVersionDate "2025.07.11"]
[SourceQuality "1"]

1. e4 c5 2. b3 b6 3. Bb2 Bb7 4. Nc3 Nc6 5. f4 e6 6. Nf3 d5 7. Bb5 d4 8. Ne2 a6 9. Bxc6+ Bxc6 10. d3 Nf6 11. Ne5 Bb7 12. c3 dxc3 13. Bxc3 Bd6 14. O-O Bc7 15. b4 Bd6 16. a3 O-O 17. h3 Rc8 18. Kh1 b5 19. bxc5 Bxc5 20. Qe1 Nh5 21. Ba5 Qe7 22. g4 Nf6 23. g5 Nd7 24. Nxd7 Qxd7 25. Rf3 Be7 26. Bb4 Rc2 27. Bxe7 Qxe7 28. Nd4 Rc7 29. Qb4 Rd8 30. Qxe7 Rxe7 31. Nc2 Rc7 32. Ne1 Rc3 33. Rf2 f6 34. gxf6 gxf6 35. Kh2 Kf7 36. Rb2 Bc6 37. Raa2 Rc8 38. Rc2 Bd7 39. Kg3 a5 40. Kf2 Ke7 41. Ke3 Kd6 42. Kd2 Rxc2+ 43. Rxc2 Rg8 44. d4 h5 45. Rc5 Rg3 46. Rxh5 Rxa3 47. Nd3 Bc6 48. d5 exd5 49. e5+ fxe5 50. fxe5+ Kc7 51. Rh7+ Kc8 52. e6 b4 53. Ne5 Bb5 54. e7 b3 55. Kc3 d4+ 56. Kb2 Ra2+ 57. Kxb3 Re2 58. Rh8+ Kc7 59. e8=Q Re3+ 60. Kc2 Bxe8 61. Rxe8 a4 62. Ra8 Rxe5 63. Rxa4 Re2+ 64. Kd1 Rh2 65. Rc4+ Kb6 66. Rxd4 Rxh3 67. Rd2 1/2-1/2

[Event "Kuressaare Saaremaa Rapid op"]
[Site "Kuressaare EST"]
[Date "2025.05.31"]
[Round "5"]
[White "Keinanen, Toivo"]
[Black "Golubka, Petro"]
[Result "1-0"]
[WhiteElo "2532"]
[BlackElo "2316"]
[WhiteFideId "-1"]
[BlackFideId "-1"]
[PlyCount "91"]
[GameId "2189496467112009"]
[EventDate "2025.05.31"]
[EventType "swiss (rapid)"]
[EventRounds "11"]
[EventCountry "EST"]
[SourceTitle "Mega2025 Update 36"]
[Source "Chessbase"]
[SourceDate "2025.07.11"]
[SourceVersion "1"]
[SourceVersionDate "2025.07.11"]
[SourceQuality "1"]

1. d4 d5 2. Nf3 Nf6 3. e3 e6 4. Bd3 c5 5. c3 Nc6 6. Nbd2 Bd6 7. dxc5 Bxc5 8. b4 Bd6 9. Bb2 O-O 10. O-O a6 11. a3 b5 12. a4 Rb8 13. Qe2 Qb6 14. axb5 axb5 15. Nd4 Nxd4 16. exd4 Bd7 17. Ra5 Ra8 18. Rfa1 Rxa5 19. Rxa5 Rb8 20. Nb3 Qc7 21. h3 Ne4 22. Bxe4 dxe4 23. Qxe4 Bc6 24. Qe2 e5 25. Ra1 Re8 26. d5 Bxd5 27. Qxb5 Bc6 28. Qc4 Qd7 29. Rd1 Ba4 30. Qd5 Rd8 31. Ra1 Bc6 32. Qd1 e4 33. Nd4 Bd5 34. Qg4 Qxg4 35. hxg4 Bc4 36. Bc1 Rc8 37. Be3 g6 38. g5 Bd3 39. Rc1 Be5 40. f3 exf3 41. gxf3 Bg7 42. Kf2 f6 43. Ne6 Bh8 44. Bd4 Kf7 45. Nc5 Bc4 46. Rh1 1-0

[Event "Kuressaare Saaremaa Rapid op"]
[Site "Kuressaare EST"]
[Date "2025.06.01"]
[Round "8"]
[White "Gudovskis, Konstantins"]
[Black "Golubka, Petro"]
[Result "0-1"]
[WhiteElo "2018"]
[BlackElo "2316"]
[WhiteFideId "-1"]
[BlackFideId "-1"]
[PlyCount "64"]
[GameId "2189496467124323"]
[EventDate "2025.05.31"]
[EventType "swiss (rapid)"]
[EventRounds "11"]
[EventCountry "EST"]
[SourceTitle "Mega2025 Update 36"]
[Source "Chessbase"]
[SourceDate "2025.07.11"]
[SourceVersion "1"]
[SourceVersionDate "2025.07.11"]
[SourceQuality "1"]

1. d4 d5 2. Nc3 Nf6 3. Bg5 h6 4. Bh4 Bf5 5. f3 c6 6. e3 Nbd7 7. Bd3 Bxd3 8. Qxd3 e6 9. Nge2 Be7 10. O-O b5 11. e4 b4 12. Na4 Qa5 13. b3 c5 14. exd5 Nxd5 15. Bxe7 Nxe7 16. Rad1 O-O 17. c4 bxc3 18. Qxc3 Qxc3 19. Naxc3 Nf5 20. Kf2 a5 21. d5 e5 22. a4 Nd4 23. Nxd4 cxd4 24. Nb5 Nc5 25. Rb1 Rad8 26. d6 Nb7 27. Rfc1 Nxd6 28. Nxd6 Rxd6 29. Rc5 Re8 30. Rxa5 e4 31. fxe4 Rxe4 32. Re1 Rf6+ 0-1

[Event "Kuressaare Saaremaa Rapid op"]
[Site "Kuressaare EST"]
[Date "2025.06.01"]
[Round "9"]
[White "Hellers, Ferdinand"]
[Black "Golubka, Petro"]
[Result "1/2-1/2"]
[WhiteElo "2578"]
[BlackElo "2316"]
[WhiteFideId "-1"]
[BlackFideId "-1"]
[PlyCount "83"]
[GameId "2189496467124328"]
[EventDate "2025.05.31"]
[EventType "swiss (rapid)"]
[EventRounds "11"]
[EventCountry "EST"]
[SourceTitle "Mega2025 Update 36"]
[Source "Chessbase"]
[SourceDate "2025.07.11"]
[SourceVersion "1"]
[SourceVersionDate "2025.07.11"]
[SourceQuality "1"]

1. d4 d5 2. c4 e6 3. Nc3 a6 4. cxd5 exd5 5. Nf3 Nf6 6. Bg5 Be6 7. e3 Nbd7 8. Bd3 Bd6 9. O-O h6 10. Bh4 O-O 11. Rb1 c6 12. Re1 Re8 13. Qc2 Qc7 14. Bg3 Bxg3 15. hxg3 a5 16. a3 Qd6 17. Nd2 h5 18. Nf3 Nf8 19. Ng5 g6 20. Ne2 N6h7 21. Nxh7 Nxh7 22. Nf4 Nf8 23. Rbd1 Bg4 24. f3 Bd7 25. Qf2 Ne6 26. Bb1 h4 27. Ne2 hxg3 28. Nxg3 Ng7 29. e4 Qf4 30. Ne2 Qh6 31. Nc3 Be6 32. exd5 Bxd5 33. Nxd5 cxd5 34. Re5 Rac8 35. Ba2 Rxe5 36. dxe5 Rc1 37. Re1 d4 38. Rxc1 Qxc1+ 39. Kh2 d3 40. Qd4 Qh6+ 41. Kg1 Qc1+ 42. Kh2 1/2-1/2

[Event "Kuressaare Saaremaa Rapid op"]
[Site "Kuressaare EST"]
[Date "2025.06.01"]
[Round "11"]
[White "Golubka, Petro"]
[Black "Kulaots, Kaido"]
[Result "0-1"]
[WhiteElo "2316"]
[BlackElo "2504"]
[WhiteFideId "-1"]
[BlackFideId "-1"]
[PlyCount "52"]
[GameId "2189496467132538"]
[EventDate "2025.05.31"]
[EventType "swiss (rapid)"]
[EventRounds "11"]
[EventCountry "EST"]
[SourceTitle "Mega2025 Update 36"]
[Source "Chessbase"]
[SourceDate "2025.07.11"]
[SourceVersion "1"]
[SourceVersionDate "2025.07.11"]
[SourceQuality "1"]

1. e4 c5 2. b3 g6 3. Bb2 Nf6 4. e5 Nh5 5. Bc4 Nc6 6. Nh3 Bg7 7. g4 d5 8. Bb5 Qd7 9. Rg1 d4 10. f4 g5 11. fxg5 Bxe5 12. Qf3 a6 13. Bd3 Bxh2 14. Rg2 Ne5 15. Qe2 Nxd3+ 16. Qxd3 Qe6+ 17. Kd1 Nf4 18. Nxf4 Bxf4 19. Na3 Bxg5 20. c3 dxc3 21. Bxc3 O-O 22. Kc2 b5 23. Rh1 h6 24. Qf5 Qxf5+ 25. gxf5 Bxf5+ 26. d3 f6 0-1

[Event "Kuressaare Saaremaa Blitz op"]
[Site "Kuressaare EST"]
[Date "2025.05.30"]
[Round "1"]
[White "Golubka, Petro"]
[Black "Magi, Ramon"]
[Result "1-0"]
[WhiteElo "2316"]
[BlackElo "1718"]
[WhiteFideId "-1"]
[BlackFideId "-1"]
[PlyCount "46"]
[GameId "2189496467066840"]
[EventDate "2025.05.30"]
[EventType "swiss (blitz)"]
[EventRounds "11"]
[EventCountry "EST"]
[SourceTitle "Mega2025 Update 36"]
[Source "Chessbase"]
[SourceDate "2025.07.11"]
[SourceVersion "1"]
[SourceVersionDate "2025.07.11"]
[SourceQuality "1"]

1. e4 c5 2. b3 Nc6 3. Bb2 d6 4. Bb5 Bd7 5. f4 a6 6. Bxc6 Bxc6 7. Nc3 e6 8. Nf3 Ne7 9. d4 d5 10. e5 Nf5 11. Qd2 h5 12. Ne2 Rc8 13. Ng3 Nxd4 14. Nxd4 cxd4 15. Bxd4 Bb5 16. a4 Bd7 17. O-O h4 18. Ne2 Bc5 19. Bxc5 Rxc5 20. Nd4 Qe7 21. Rf3 O-O 22. Rh3 Rfc8 23. Qf2 Rc3 1-0

[Event "Kuressaare Saaremaa Blitz op"]
[Site "Kuressaare EST"]
[Date "2025.05.30"]
[Round "2"]
[White "Zajakins, Artjoms"]
[Black "Golubka, Petro"]
[Result "1/2-1/2"]
[WhiteElo "1972"]
[BlackElo "2316"]
[WhiteFideId "-1"]
[BlackFideId "-1"]
[PlyCount "56"]
[GameId "2189496467070943"]
[EventDate "2025.05.30"]
[EventType "swiss (blitz)"]
[EventRounds "11"]
[EventCountry "EST"]
[SourceTitle "Mega2025 Update 36"]
[Source "Chessbase"]
[SourceDate "2025.07.11"]
[SourceVersion "1"]
[SourceVersionDate "2025.07.11"]
[SourceQuality "1"]

1. d4 d5 2. c4 e6 3. Nf3 a6 4. cxd5 exd5 5. Nc3 Nf6 6. Bf4 Bd6 7. Bg3 c6 8. e3 O-O 9. Bd3 Re8 10. O-O Bxg3 11. hxg3 Nbd7 12. b4 Ne4 13. Qc2 Ndf6 14. a4 Bf5 15. Ne5 Bg6 16. Rfb1 Nd6 17. Nxg6 hxg6 18. b5 axb5 19. axb5 Rxa1 20. Rxa1 Qd7 21. bxc6 Qxc6 22. Ne2 Nc4 23. Qb3 b5 24. Qb4 Ra8 25. Rb1 Nd6 26. Rc1 Nc4 27. Rb1 Nd6 28. Rc1 Nc4 1/2-1/2

[Event "Kuressaare Saaremaa Blitz op"]
[Site "Kuressaare EST"]
[Date "2025.05.30"]
[Round "6"]
[White "Ehlvest, Jaan"]
[Black "Golubka, Petro"]
[Result "1-0"]
[WhiteElo "2532"]
[BlackElo "2316"]
[WhiteFideId "-1"]
[BlackFideId "-1"]
[PlyCount "113"]
[GameId "2189496467083264"]
[EventDate "2025.05.30"]
[EventType "swiss (blitz)"]
[EventRounds "11"]
[EventCountry "EST"]
[SourceTitle "Mega2025 Update 36"]
[Source "Chessbase"]
[SourceDate "2025.07.11"]
[SourceVersion "1"]
[SourceVersionDate "2025.07.11"]
[SourceQuality "1"]

1. e4 e6 2. d3 d5 3. Qe2 e5 4. exd5 Qxd5 5. Nc3 Bb4 6. Bd2 Bxc3 7. Bxc3 Nc6 8. Qe4 Nf6 9. Qxd5 Nxd5 10. Bd2 Ndb4 11. Kd1 Bg4+ 12. Be2 Bxe2+ 13. Nxe2 O-O-O 14. a3 Nd5 15. b4 Rhe8 16. f3 f5 17. Ng3 g6 18. Re1 h5 19. h4 a6 20. Kc1 Nd4 21. Bg5 Rd6 22. Kb2 Rde6 23. c3 Nc6 24. Rad1 b5 25. Kc2 Kb7 26. Ne2 f4 27. Nc1 Ne3+ 28. Rxe3 fxe3 29. Nb3 Rd6 30. Re1 a5 31. Rxe3 axb4 32. axb4 Rf8 33. Nc5+ Kc8 34. Kb3 Rd5 35. Re1 Nb8 36. Ra1 Rxc5 37. bxc5 Kb7 38. Ra5 c6 39. Ra1 Nd7 40. Kb4 Rf7 41. Re1 Rf5 42. d4 exd4 43. cxd4 Rd5 44. Re4 Kc8 45. g4 Kc7 46. gxh5 gxh5 47. f4 Nf8 48. Be7 Ng6 49. Bd6+ Kd7 50. Ka5 Rxd6 51. cxd6 Nxh4 52. Re5 Ng6 53. Rf5 h4 54. Kb4 h3 55. Kc5 b4 56. Rf7+ Ke6 57. d7 1-0

[Event "New York President's Day IM-C"]
[Site "New York USA"]
[Date "2025.02.14"]
[Round "1"]
[White "Golubka, Petro"]
[Black "Shundi, Matias"]
[Result "1/2-1/2"]
[WhiteElo "2361"]
[BlackElo "2198"]
[WhiteFideId "-1"]
[BlackFideId "-1"]
[PlyCount "113"]
[GameId "523990350608"]
[EventDate "2025.02.14"]
[EventType "tourn"]
[EventRounds "9"]
[EventCountry "USA"]
[SourceTitle "Mega2025 Update 16"]
[Source "Chessbase"]
[SourceDate "2025.02.21"]
[SourceVersion "1"]
[SourceVersionDate "2025.02.21"]
[SourceQuality "1"]

1. e4 c5 2. b3 g6 3. Bb2 Nf6 4. e5 Nd5 5. Qf3 Nb4 6. Bc4 e6 7. Na3 a6 8. Qg3 Bg7 9. f4 b5 10. Be2 d5 11. c3 N4c6 12. Nf3 Nd7 13. Nc2 Rb8 14. d4 c4 15. Ba3 Qa5 16. Nd2 Bf8 17. Bxf8 Kxf8 18. O-O cxb3 19. axb3 Qb6 20. b4 Ne7 21. Nb3 h5 22. Nc5 Nxc5 23. bxc5 Qc7 24. Rfb1 Nc6 25. Qg5 Qe7 26. Qf6 Rg8 27. h4 Ke8 28. Kf2 Kd7 29. Qxe7+ Kxe7 30. g4 hxg4 31. Bxg4 Rh8 32. Kg3 Bb7 33. Nb4 Nxb4 34. cxb4 Rbc8 35. Rh1 Rh6 36. Rh2 Kd7 37. Rah1 Rch8 38. h5 gxh5 39. Rxh5 Rxh5 40. Rxh5 Rxh5 41. Bxh5 Ke7 42. f5 Bc6 43. Kf4 Bd7 44. Bf3 Bc6 45. Kg5 Bd7 46. Kh6 Kf8 47. Bg4 exf5 48. Bf3 Be6 49. Kg5 Ke7 50. Bh5 Kd7 51. Kf6 Kc7 52. Kg5 Kd7 53. Bd1 Kc6 54. Bc2 Kc7 55. Kf4 Bd7 56. Bb3 Be6 57. Bc2 1/2-1/2

[Event "New York President's Day IM-C"]
[Site "New York USA"]
[Date "2025.02.14"]
[Round "2"]
[White "Golubka, Petro"]
[Black "Cherukuri, Nitesh"]
[Result "1/2-1/2"]
[WhiteElo "2361"]
[BlackElo "2212"]
[WhiteFideId "-1"]
[BlackFideId "-1"]
[PlyCount "33"]
[GameId "523990350618"]
[EventDate "2025.02.14"]
[EventType "tourn"]
[EventRounds "9"]
[EventCountry "USA"]
[SourceTitle "Mega2025 Update 16"]
[Source "Chessbase"]
[SourceDate "2025.02.21"]
[SourceVersion "1"]
[SourceVersionDate "2025.02.21"]
[SourceQuality "1"]

1. d4 Nf6 2. Nf3 g6 3. c4 Bg7 4. Nc3 d6 5. e4 O-O 6. Be2 e5 7. O-O exd4 8. Nxd4 Re8 9. f3 c6 10. Kh1 d5 11. cxd5 cxd5 12. Bg5 Nc6 13. Nxc6 bxc6 14. Qc2 h6 15. Bh4 g5 16. Bf2 dxe4 17. fxe4 1/2-1/2

[Event "New York President's Day IM-C"]
[Site "New York USA"]
[Date "2025.02.15"]
[Round "3"]
[White "Mou, Iris"]
[Black "Golubka, Petro"]
[Result "1/2-1/2"]
[WhiteElo "2134"]
[BlackElo "2361"]
[WhiteFideId "-1"]
[BlackFideId "-1"]
[PlyCount "120"]
[GameId "523990350620"]
[EventDate "2025.02.14"]
[EventType "tourn"]
[EventRounds "9"]
[EventCountry "USA"]
[SourceTitle "Mega2025 Update 16"]
[Source "Chessbase"]
[SourceDate "2025.02.21"]
[SourceVersion "1"]
[SourceVersionDate "2025.02.21"]
[SourceQuality "1"]

1. e4 c5 2. Nf3 d6 3. Bb5+ Bd7 4. Bxd7+ Qxd7 5. O-O Nc6 6. c3 Nf6 7. d4 cxd4 8. cxd4 d5 9. e5 Ne4 10. a3 e6 11. Qd3 f5 12. exf6 gxf6 13. Nc3 f5 14. Bf4 Bg7 15. b4 O-O 16. Ne2 Rac8 17. Ne5 Qe7 18. Rac1 Nd6 19. Nxc6 bxc6 20. Bxd6 Qxd6 21. f4 a5 22. Rc5 axb4 23. axb4 Rb8 24. Qc3 Rfe8 25. Nc1 Rb5 26. Rxb5 cxb5 27. Nd3 Ra8 28. Nc5 Kf7 29. Qe3 Ra2 30. Re1 Bf6 31. Kh1 Ra7 32. Qh3 Kg6 33. Qg3+ Kf7 34. Qf2 Qc6 35. h3 Qa8 36. Qe2 Ra1 37. Qxe6+ Kg6 38. Nb3 Rxe1+ 39. Qxe1 Qf8 40. Qg3+ Kf7 41. Qf3 Qxb4 42. Qxd5+ Kg6 43. Qg8+ Kh6 44. Nc5 Qxd4 45. Ne6 Qf2 46. Qf8+ Kg6 47. Qe8+ Kh6 48. Qf7 Bd4 49. Nxd4 Qf1+ 50. Kh2 Qxf4+ 51. Kh1 Qxd4 52. Qxf5 b4 53. Qf7 Qc3 54. Qf4+ Kg6 55. Qe4+ Kg5 56. h4+ Kh5 57. Kh2 Kh6 58. Qf4+ Kg7 59. Qg5+ Kf7 60. Qf5+ Kg7 1/2-1/2